[Event "Swiss Queens Wed #13"]
[Site "FIDE Online Arena INT"]
[Date "2024.04.24"]
[Round "8"]
[White "Gade, Sharanya"]
[Black "Michelle, Catherina P"]
[Result "1-0"]
[WhiteElo "1728"]
[BlackElo "2164"]
[PlyCount "85"]
[EventDate "2024.04.24"]
[EventType "swiss (blitz)"]
[EventRounds "11"]
[EventCountry "NET"]
[SourceTitle "CB18_2024"]
[SourceDate "2024.05.01"]
[SourceVersion "1"]
[SourceVersionDate "2024.05.01"]
[SourceQuality "2"]

1. d4 Nf6 2. c4 c5 3. d5 d6 4. Nc3 g6 5. e4 Bg7 6. f4 0-0 7. Nf3 e6 8. e5 Nh5 9. g4 exd5 10. gxh5 d4 11. Nd5 Bg4 12. h6 Bxh6 13. Nf6+ Kg7 14. Nxg4 dxe5 15. Nxh6 Kxh6 16. fxe5+ Kg7 17. Bg5 Qb6 18. Bf6+ Kg8 19. Qd2 Nd7 20. Qg5 Qxb2 21. Qc1 Qb6 22. Rb1 Qc6 23. Bg2 Nxf6 24. exf6 Rfe8+ 25. Kf2 Re3 26. Re1 Rae8 27. Qd2 Qxf6 28. Kg1 Qf5 29. Rbd1 R8e4 30. Nxd4 Rxe1+ 31. Rxe1 Rxd4 32. Qf2 Qd7 33. Qe2 Rd2 34. Qe8+ Kg7 35. Qe5+ Kg8 36. Qe8+ Kg7 37. Qxd7 Rxd7 38. Bd5 b6 39. a4 h5 40. a5 g5 41. Kf2 Rd6 42. axb6 axb6 43. Kg3 1-0

[Event "Swiss Queens Wed #13"]
[Site "FIDE Online Arena INT"]
[Date "2024.04.24"]
[Round "5"]
[White "Nevska, Gerda"]
[Black "Gade, Sharanya"]
[Result "0-1"]
[WhiteElo "1872"]
[BlackElo "1728"]
[PlyCount "32"]
[EventDate "2024.04.24"]
[EventType "swiss (blitz)"]
[EventRounds "11"]
[EventCountry "NET"]
[SourceTitle "CB18_2024"]
[SourceDate "2024.05.01"]
[SourceVersion "1"]
[SourceVersionDate "2024.05.01"]
[SourceQuality "2"]

1. e4 c5 2. Nf3 Nc6 3. c3 Nf6 4. e5 Nd5 5. d4 cxd4 6. cxd4 d6 7. Bb5 Qa5+ 8. Nc3 Nxc3 9. Bxc6+ bxc6 10. bxc3 Qxc3+ 11. Bd2 Qd3 12. Qe2 Qxe2+ 13. Kxe2 Ba6+ 14. Ke3 g6 15. Rhc1 Bh6+ 16. Ke4 d5# 0-1

[Event "IND-chT (Women) 21st"]
[Site "Dharamshala"]
[Date "2024.04.03"]
[Round "6.1"]
[White "Singh, Neha"]
[Black "Gade, Sharanya"]
[Result "1-0"]
[WhiteElo "1825"]
[BlackElo "1728"]
[PlyCount "99"]
[EventDate "2024.03.29"]
[EventType "team-swiss"]
[EventRounds "7"]
[EventCountry "IND"]
[SourceTitle "CB15_2024"]
[SourceDate "2024.04.10"]
[SourceVersion "1"]
[SourceVersionDate "2024.04.10"]
[SourceQuality "1"]
[WhiteTeam "Bihar (W) II"]
[BlackTeam "Telangana (W)"]
[WhiteTeamCountry "IND"]
[BlackTeamCountry "IND"]

1. e4 c5 2. Nf3 Nc6 3. Bb5 g6 4. 0-0 Bg7 5. Re1 Nf6 6. c3 d5 7. e5 Nd7 8. d4 0-0 9. a4 a6 10. Bf1 Re8 11. Na3 Nf8 12. Nc2 Na5 13. dxc5 Bg4 14. Ncd4 Ne6 15. h3 Bxf3 16. gxf3 Nc6 17. Nxe6 fxe6 18. f4 Rf8 19. Qg4 Qd7 20. Be3 Rf7 21. h4 Raf8 22. Bh3 Rf5 23. Qg3 R5f7 24. Qg5 Kh8 25. Red1 Rg8 26. b4 h5 27. Bf1 Rf5 28. Qg3 Bh6 29. Kh1 d4 30. b5 Qc8 31. cxd4 Nb4 32. Bh3 Nd5 33. Bxf5 gxf5 34. Qh2 Qd7 35. Rg1 Rg4 36. Rxg4 hxg4 37. Rb1 Nc3 38. Rb2 Nxa4 39. Rb4 axb5 40. Qg2 Nc3 41. Qf1 Qc6+ 42. Kg1 Qf3 43. Qg2 Qc6 44. Qxc6 bxc6 45. Rb3 Na4 46. f3 gxf3 47. Kf2 Kh7 48. Kxf3 Kg6 49. d5 exd5 50. Rxb5 1-0

[Event "IND-chT (Women) 21st"]
[Site "Dharamshala"]
[Date "2024.04.02"]
[Round "5.1"]
[White "Gade, Sharanya"]
[Black "Kiran, Manisha Mohanty"]
[Result "0-1"]
[WhiteElo "1728"]
[BlackElo "2036"]
[PlyCount "104"]
[EventDate "2024.03.29"]
[EventType "team-swiss"]
[EventRounds "7"]
[EventCountry "IND"]
[SourceTitle "CB15_2024"]
[SourceDate "2024.04.10"]
[SourceVersion "1"]
[SourceVersionDate "2024.04.10"]
[SourceQuality "1"]
[WhiteTeam "Telangana (W)"]
[BlackTeam "LIC of India (W)"]
[WhiteTeamCountry "IND"]
[BlackTeamCountry "IND"]

1. d4 Nf6 2. c4 e6 3. Nc3 Bb4 4. Qc2 d5 5. cxd5 exd5 6. Bg5 h6 7. Bh4 0-0 8. e3 c5 9. dxc5 Nbd7 10. Nf3 Qa5 11. Bd3 Ne4 12. 0-0 Bxc3 13. bxc3 Ndxc5 14. c4 Nxd3 15. Qxd3 Be6 16. cxd5 Qxd5 17. Nd4 Rac8 18. Rfc1 Rxc1+ 19. Rxc1 Rc8 20. Rxc8+ Bxc8 21. Qc2 Be6 22. f3 Nd6 23. Nxe6 Qxe6 24. e4 b5 25. Bg3 Nc4 26. Qb3 Qd7 27. h4 a6 28. Kh2 Qd2 29. Qb1 Ne3 30. Qg1 Qe2 31. Kh3 Qd3 32. Bf4 Qd7+ 33. Kh2 Nc4 34. Qc5 Qd8 35. g3 Qd7 36. a4 Nb2 37. axb5 Qxb5 38. Qc8+ Kh7 39. Qc2 Nc4 40. e5+ Kg8 41. Qf5 Nb6 42. Qc2 Qc4 43. Qd2 Nd5 44. Be3 a5 45. Bf2 a4 46. Qa5 Kh7 47. Qa7 Nc3 48. Bc5 Qe2+ 49. Kh3 Qxf3 50. e6 Ne4 51. Qc7 Qh1+ 52. Kg4 Nf6+ 0-1

[Event "Eastern Asia-ch U12 Girls"]
[Site "Tornelo INT"]
[Date "2021.10.24"]
[Round "7"]
[White "Feng, Sophia"]
[Black "Gade, Sharanya"]
[Result "0-1"]
[WhiteElo "1327"]
[BlackElo "1051"]
[PlyCount "66"]
[EventDate "2021.10.22"]
[EventType "swiss"]
[EventRounds "9"]
[EventCountry "NET"]
[SourceTitle "EXT 2023"]
[Source "ChessBase"]
[SourceDate "2022.10.05"]
[SourceVersion "1"]
[SourceVersionDate "2022.10.05"]
[SourceQuality "1"]

1. d4 d5 2. c4 c6 3. Nc3 Nf6 4. Nf3 e6 5. Bg5 dxc4 6. e3 b5 7. a4 Bb4 8. Be2 0-0 9. 0-0 Bxc3 10. bxc3 a6 11. Qc2 h6 12. Bh4 Bb7 13. h3 Nbd7 14. Rfe1 c5 15. Red1 Be4 16. Qb2 Qb6 17. axb5 axb5 18. Bxf6 gxf6 19. dxc5 Qc6 20. Nd4 Qxc5 21. Qxb5 Qxb5 22. Nxb5 Rxa1 23. Rxa1 Nb6 24. Nd4 Rc8 25. Bf3 Bd3 26. Be2 e5 27. Bxd3 cxd3 28. Nf5 Rxc3 29. Rd1 Nc4 30. Kh2 d2 31. e4 Rc1 32. Ne3 Nxe3 33. Rxd2 Nf1+ 0-1